|
|
|
|
| LEADER |
02391nam a2200493 i 4500 |
| 001 |
nkc20253709148 |
| 003 |
CZ PrNK |
| 005 |
20260122110534.0 |
| 007 |
ta |
| 008 |
250916s2025 xr a g 000 f cze |
| 015 |
|
|
|a cnb003709148
|
| 020 |
|
|
|a 978-80-88346-36-4
|q (vázáno) :
|c Kč 500,00
|
| 035 |
|
|
|a (OCoLC)1549632646
|
| 040 |
|
|
|a ABG001
|b cze
|d ABA001
|e rda
|
| 072 |
|
7 |
|a 821.162.3-3
|x Česká próza
|2 Konspekt
|9 25
|
| 080 |
|
|
|a 821.162.3-31
|2 MRF
|
| 080 |
|
|
|a (0:82-312.9)
|2 MRF
|
| 100 |
1 |
|
|a Andres, Adam,
|d 1970-
|7 xx0013106
|4 aut
|4 ill
|
| 245 |
1 |
0 |
|a Wetemaa.
|n II,
|p O cestě do jižního Edagwonu /
|c sepsal Ceredig Mořeplavec
|
| 246 |
3 |
0 |
|a O cestě do jižního Edagwonu
|
| 250 |
|
|
|a Vydání třetí, ve Strakách první
|
| 264 |
|
1 |
|a Praha :
|b Straky na vrbě,
|c 2025
|
| 300 |
|
|
|a 464 stran :
|b ilustrace ;
|c 22 cm
|
| 336 |
|
|
|a text
|b txt
|2 rdacontent
|
| 337 |
|
|
|a bez média
|b n
|2 rdamedia
|
| 338 |
|
|
|a svazek
|b nc
|2 rdacarrier
|
| 490 |
1 |
|
|a Česká fantastika ;
|v svazek 170
|
| 500 |
|
|
|a Autor uveden na hřbetu: Adam Andres
|
| 500 |
|
|
|a 1300 výtisků
|
| 520 |
2 |
|
|a Pokračování jednoho z klasických českých fantasy románů vychází znovu po třiceti letech od prvního vydání, tentokrát v pevné vazbě a s ilustracemi.
|b O cestě do Jižního Edagwonu vypráví Ceredig Mořeplavec. Až budou uloženy kosti krále Uda, který stál u počátku bojů o zemi Éllad, v královské hrobce v hoře Mirabatu, bude země Éllad sjednocena. Tak praví věštba. Řízením osudu se však Udovy ostatky před staletími dostaly do Jižního Edagwonu, a tak Gudleifrovým družiníkům nezbývá než zamířit přes moře do končin, kam nikdy předtím žádný Éllaďan nevkročil, ale kde složí kosti nejeden člen Gudleifrova poselstva. Nakladatelská anotace.
|
| 546 |
|
|
|a Český text
|
| 655 |
|
7 |
|a české romány
|7 fd133974
|2 czenas
|
| 655 |
|
7 |
|a fantasy romány
|7 fd184199
|2 czenas
|
| 655 |
|
9 |
|a Czech fiction
|2 eczenas
|
| 655 |
|
9 |
|a fantasy novels
|2 eczenas
|
| 700 |
0 |
|
|a Ceredig,
|c mořeplavec (fiktivní postava)
|7 jo20241235972
|4 aut
|
| 787 |
0 |
8 |
|i Z cyklu:
|t Wetemaa
|g 2
|
| 830 |
|
0 |
|a Česká fantastika
|0 s
|
| 910 |
2 |
|
|a BOA001
|b 2-1536.163,2
|
| 920 |
|
|
|a 5153066
|z ABG001
|
| 990 |
|
|
|a BK
|
| 995 |
|
|
|a 01
|
| 991 |
|
|
|b 202601
|c NOV
|
| 996 |
6 |
|
|b 2611022498
|c 2-1536.163,2
|l MZK
|r Sklad / do 1 hodiny
|n 0
|p p.v.
|w 002029756
|u 000010
|a 1
|e BOA001
|j MZK50
|s P
|